| 000 | 01609nam0a2200325 i 4500 | ||
|---|---|---|---|
| 001 | RU\NLR\BIBL_A\010415907 | ||
| 005 | 20240921200636.0 | ||
| 010 |
_a9785914092952 _9200 |
||
| 021 |
_aRU _b2014-36606 _92234 |
||
| 035 | _a(NILC)RuMoRGB-007489295 | ||
| 035 | _a(NLR Aleph) 010415907 | ||
| 090 |
_a9788859 _c9788859 |
||
| 100 | _a20140715d2012 km y0rusy50 ca | ||
| 101 | 0 | _arus | |
| 102 | _aRU | ||
| 105 | _aa|||z|||000yy | ||
| 200 | 1 |
_aЭкономическая оценка риска аварий на магистральных нефтепроводах: методический аспект _fД. Н. Мартынов _gМ-во образования и науки Российской Федерации, Гос. образовательное учреждение высш. проф. образования "Тюменский гос. нефтегазовый ун-т" |
|
| 210 |
_aТюмень _cВектор Бук _d2012 |
||
| 215 |
_a22 с. _cил. _d21 |
||
| 606 | 1 |
_aНефтегазовая промышленность _xРиски _92404379 _3RU\NLR\AUTH\661433011 |
|
| 606 | 1 |
_aНефтепроводы _xЭкономические исследования _92132414 _3RU\NLR\AUTH\661286324 |
|
| 606 | 1 |
_aНефтепроводы _xАварии _91692323 _3RU\NLR\AUTH\66752511 |
|
| 686 | 1 | _aУ30(2)565.2 | |
| 686 | 1 | _aУ37(2)65 | |
| 700 | 1 |
_aМартынов _bД. Н. _cэкономист _gДенис Николаевич _9142910 _3RU\NLR\AUTH\770142946 |
|
| 801 | 0 |
_aRU _bРГБ _c20140514 _gRCR |
|
| 942 | _cBOOK | ||
| 980 | _aNBR | ||